000 00262nam a2200121Ia 4500
008 190216s9999||||xx |||||||||||||| ||und||
100 _aPandey I M
245 0 _aFinancial Management
260 _bNull
_c1979
300 _a534p
650 _aCommerce
942 _cBK
999 _c4227
_d4227